Najpopularniejsze utwory Young Igiego. - Statystyki

Ogólne statystyki
  • Ten quiz został rozwiązany 99 razy
  • Średni wynik to 8 z 15
Statystyki odpowiedzi
Wyświetlenia Gość Utwór % Poprawnych
62 mln Bestia
94%
62 mln Mówiłaś
94%
25 mln Malik Montana Deszcz Banknotów
76%
14 mln Margaret Układanki
68%
36 mln Buzi
63%
11 mln Pikers Kush
59%
12 mln Nemo
48%
11 mln Promienie Słońca
48%
13 mln Pikers Pilot
45%
13 mln Inimaniminimanimo
40%
12 mln Pies
39%
11 mln Big Ben
37%
7 mln Droptop
35%
15 mln Audemars
32%
12 mln Oznaka Mężczyzn
30%
Nie znaleziono quizów pasujących do podanych kryteriów
Rozkład punktacji
Procent ludzi z każdym wynikiem
Percentyl według liczby udzielonych odpowiedzi
Twoja historia wyników
Nie rozwiązałeś tego quizu